000
00290nam a2200121Ia 4500
008
191201s2007 xx 000 0 und d
100
_a
SINGH, S.K.
245
0
_a
Basics of Economics and Management
260
_a
N. Delhi
_b
Bharat Pub
_c
2007
300
_a
376
650
_a
MBA
942
_2
ddc
_c
BK
999
_c
343
_d
343